000 00764nam a2200229 a 4500
001 000013095
005 20240530073916.0
008 091120s1999 dr 000 f spa d
040 _aDO-SdBNP
_bspa
_cBNPHU
082 _aRD863.44
_bS211a
100 1 _aSánchez Roa, Adriano,
_d1956-
_98541
245 1 4 _aLos amores inmortales /
_cAdriano Sánchez Roa.
260 _aSanto Domingo :
_bAlianza Caribeña,
_c1999.
300 _a217 ;
_c21 cm.
490 1 _aAlianza Caribeña
500 _aIncluye datos biográficos del autor en la solapa de la contracubieta
590 _aInventariado, 2020 / DG
650 0 _aNovela dominicana
_9223
650 0 _aLiteratura dominicana.
_967
830 0 _aAlianza Caribeña
_930216
910 _aValidado. Control de calidad MFF
999 _c12737
_d12737